Sports Quiz

Random Sports Quiz

Cubs opening day lineup Quiz Stats

 Plays Quiz not verified by Sporcle

Support Sporcle.
Go Orange.
Score 0/9 Timer 03:00
0 Plays Today
can you name the cubs opening day lineup 2009 % Correct
1Bderrek lee
94.1%
3Baramis ramirez
92.5%
LFalfonso soriano
90.9%
2Bryan theriot
87.6%
CFkosuke fukudome
77.5%
RFmilton bradley
66.8%
SSmike fontenot
59.3%
Ckoyie hill
44%
Prich harden
26.4%

You're not logged in!

Compare scores with friends on all Sporcle quizzes.
OR
Log In

From the Vault

AAA Baseball Teams: Real or Fake?

by slipkid

Every single fake name on this list absolutely needs to become a real team someday.
Remove Ads.
Support Sporcle.
Get the best of Sporcle when you Go Orange. This ad-free experience offers more features, more stats, and more fun while also helping to support Sporcle. Thank you for becoming a member.

Show Comments

Extras

Created Oct 2, 2009ReportNominate
Tags:2009, Chicago Cubs, lineup

Top Quizzes Today


Score Distribution

Your Account Isn't Verified!

In order to create a playlist on Sporcle, you need to verify the email address you used during registration. Go to your Sporcle Settings to finish the process.

Report this User

Report this user for behavior that violates our Community Guidelines.

Details: